Cultural policy in Czechoslovakia / (Record no. 34975)
[ view plain ]
| 000 -LEADER | |
|---|---|
| fixed length control field | 00909nam a2200277 a 4500 |
| 001 - CONTROL NUMBER | |
| control field | 34975 |
| 003 - CONTROL NUMBER IDENTIFIER | |
| rucl marc code | BD-RjUL |
| 005 - DATE AND TIME OF LATEST TRANSACTION | |
| control field | 20211209052235.0 |
| 008 - FIXED-LENGTH DATA ELEMENTS--GENERAL INFORMATION | |
| fixed length control field | 140520r19771970fr af i000 0 eng d |
| 020 ## - INTERNATIONAL STANDARD BOOK NUMBER | |
| International Standard Book Number | 9231008536 |
| 035 ## - SYSTEM CONTROL NUMBER | |
| System control number | (BD-RjUL)35069 |
| 040 ## - CATALOGING SOURCE | |
| Original cataloging agency | DLC |
| Transcribing agency | DLC |
| Modifying agency | DLC |
| -- | BD-RjUL |
| Language of cataloging | eng |
| 041 ## - LANGUAGE CODE | |
| Language code of text/sound track or separate title | eng |
| 082 00 - DEWEY DECIMAL CLASSIFICATION NUMBER | |
| Classification number | 306.409437 |
| Edition number | 19 |
| Author mark and year | MAC 1977 |
| 100 1# - MAIN ENTRY--PERSONAL NAME | |
| Personal name | Marek, Miroslav |
| 9 (RLIN) | 106484 |
| 245 10 - TITLE STATEMENT | |
| Title | Cultural policy in Czechoslovakia / |
| Statement of responsibility, etc. | Marek, Miroslav and Jaroslav Dewetter. |
| 260 ## - PUBLICATION, DISTRIBUTION, ETC. (IMPRINT) | |
| Place of publication, distribution, etc. | Paris : |
| Name of publisher, distributor, etc. | Unesco, |
| Date of publication, distribution, etc. | 1970 [Reprinted 1977] |
| 300 ## - PHYSICAL DESCRIPTION | |
| Pagination | 85 p., [4] p. of plates : |
| Illustrations | ill. ; |
| Size | 24 cm. |
| 650 #0 - SUBJECT ADDED ENTRY--TOPICAL TERM | |
| Topical term or geographic name as entry element | Czechoslovakia |
| General subdivision | Intellectual life |
| Chronological subdivision | 1945-1992. |
| 9 (RLIN) | 106486 |
| 651 #0 - SUBJECT ADDED ENTRY--GEOGRAPHIC NAME | |
| Geographic name | Czechoslovakia |
| General subdivision | Cultural policy. |
| 9 (RLIN) | 106487 |
| 700 1# - ADDED ENTRY--PERSONAL NAME | |
| Personal name | Dewetter, Jaroslav. |
| 942 ## - ADDED ENTRY ELEMENTS (KOHA) | |
| Source of classification or shelving scheme | Dewey Decimal Classification |
| Koha item type | Books |
| Lost status | Source of classification or shelving scheme | Damaged status | Not for loan | Collection code | Permanent Location | Current Location | Shelving location | Date acquired | Source of acquisition | Cost, normal purchase price | Total Checkouts | Full call number | Date last seen | Copy number | Koha item type |
|---|---|---|---|---|---|---|---|---|---|---|---|---|---|---|---|
| Dewey Decimal Classification | Not For Loan | Non-fiction | Central Library, University of Rajshahi | Central Library, University of Rajshahi | Reading Room | 28/08/1982 | Unesco Gift | 0.00 | 306.409437 MAC 1977 | 20/05/2014 | C-1 | Books |